000 01162nam a2200337ua 4500
001 1352201
003 CO-ViMGA
005 20230915233612.0
008 120706s2012 ck a jr 00010dspa d
020 _a9789587660135
040 _aCO-ViMGA
_bspa
_cCO-ViMGA
043 _as-ck---
082 0 4 _a621.3
_221
_bK87el
100 1 _aKothe, Rainer.
_9790
245 1 0 _aElectricidad /
_cRainer Kothe ; ilustraciones de Arno Kolb, Udo Kruse-Schulz, Frank Kliemt ; traducccion̤ Paula Botero, Olga Martín.
250 _aEditor Cesar A. Cardozo Tovar.
260 3 _aBogot :̀
_bPanamericana Editorial,
_c2012.
300 _a48 p. :
_bil. ;
_c28 cm.
490 1 _aComo y por que
500 _aIncluye índice.
534 _pTítulo original :
_tElektrizitt̃.
650 1 4 _aElectricidad
_v Literatura juvenil.
_9795
650 1 4 _aElectricidad
_x Usos
_v Literatura juvenil.
_9796
700 1 _aBotero, Paula,
_etr.
_9785
700 1 _aCardozo Tovar, Cesar A,
_eed.
_9113
700 1 _aKliemt, Frank,
_eil.
_9799
700 1 _aKolb, Arno,
_eil.
_9797
700 1 _aKruse-Schulz, Udo,
_eil.
_9798
700 1 _aMartín, Olga,
_etr.
_9800
942 _2ddc
_cBK
999 _c37306
_d37306